000 00728nam a2200265 a 4500
999 _c2961
_d2961
006 a||||gr|||| 001 0
007 ta
008 050831s2004 xxka gr 001 0 eng d
020 _a0951662767
_c£ 30.00
040 _aKO
_beng
041 0 _aeng
044 _axxk
082 0 0 _a623.82450288
_bSe836
_223
100 1 _aSevern, Anthony
245 1 0 _aShipboard Petroleum Surveys:
_ba guide to good practice /
_cAnthony Severn
260 _aThe Quayside :
_bNorth of England P&I Association Ltd.,
_c2004
300 _a56 p. :
_bcol. ill. ;
_c21 cm.
440 _aLoss Prevention Guides
504 _aIncludes index.
650 0 _aTankers
_xTextbooks
904 _aRUDRA_R
905 _aR_RANJAN
942 _cGR